Loading...
| Religion | 0 | 3 | 0 | 0 | 30 | 110 | 112.67 | 0 | 0 |
| Fine Arts - Other Fine Arts | 0 | 2 | 0 | 0 | 20 | 118 | 118.00 | 0 | 0 |
| Literature - American Literature | 0 | 1 | 0 | 0 | 10 | 137 | 137.00 | 0 | 0 |
| Literature - British Literature | 0 | 1 | 0 | 1 | 10 | 129 | 129.00 | 0 | 1 |
| Literature - European Literature | 0 | 1 | 0 | 1 | 10 | 145 | 145.00 | 0 | 0 |
| Pop Culture | 0 | 1 | 0 | 0 | 10 | 126 | 126.00 | 0 | 0 |
| Social Science | 0 | 1 | 0 | 1 | 10 | 114 | 114.00 | 0 | 0 |
| Geography/Current Events | 0 | 1 | 0 | 0 | 10 | 85 | 85.00 | 0 | 0 |
| Literature - World/Other Literature | 0 | 0 | 1 | 0 | -5 | 0.00 | 0 | 0 | |
| Fine Arts - Visual Fine Arts | 0 | 0 | 1 | 0 | -5 | 0.00 | 0 | 0 |